Central Library OPAC University of Rajshahi

Plasmids : (Record no. 37001)

MARC details
000 -LEADER
fixed length control field 00928nam a2200289 a 4500
001 - CONTROL NUMBER
control field 37001
003 - CONTROL NUMBER IDENTIFIER
rucl marc code BD-RjUL
005 - DATE AND TIME OF LATEST TRANSACTION
control field 20211209052551.0
008 - FIXED-LENGTH DATA ELEMENTS--GENERAL INFORMATION
fixed length control field 880418r19881987enka b 001 0 eng
020 ## - INTERNATIONAL STANDARD BOOK NUMBER
International Standard Book Number 0947946810 (pbk.)
International Standard Book Number 0947946829 (hard)
035 ## - SYSTEM CONTROL NUMBER
System control number (BD-RjUL) 37103
040 ## - CATALOGING SOURCE
Original cataloging agency DLC
Transcribing agency DLC
Modifying agency DLC
-- BD-RjUL
Language of cataloging eng
041 ## - LANGUAGE CODE
Language code of text/sound track or separate title eng
082 00 - DEWEY DECIMAL CLASSIFICATION NUMBER
Classification number 589.908734
Edition number 19
Author mark and year PLA 1988
245 00 - TITLE STATEMENT
Title Plasmids :
Remainder of title a practical approach /
Statement of responsibility, etc. edited by K.G. Hardy.
260 ## - PUBLICATION, DISTRIBUTION, ETC. (IMPRINT)
Place of publication, distribution, etc. Oxford, England ;
-- Washington, DC :
Name of publisher, distributor, etc. IRL Press,
Date of publication, distribution, etc. c1987 [reprint 1988].
300 ## - PHYSICAL DESCRIPTION
Pagination xi, 180 p. :
Illustrations ill. ;
Size 23 cm.
504 ## - BIBLIOGRAPHY, ETC. NOTE
Bibliography, etc Includes bibliographies and index.
650 #0 - SUBJECT ADDED ENTRY--TOPICAL TERM
Topical term or geographic name as entry element Plasmids
General subdivision Research
-- Methodology.
9 (RLIN) 113078
Topical term or geographic name as entry element Genetic engineering.
9 (RLIN) 113079
700 1# - ADDED ENTRY--PERSONAL NAME
Personal name Hardy, K. G.
Fuller form of name (Kimber G.)
942 ## - ADDED ENTRY ELEMENTS (KOHA)
Source of classification or shelving scheme Dewey Decimal Classification
Koha item type Books
Holdings
Lost status Source of classification or shelving scheme Damaged status Not for loan Collection code Permanent Location Current Location Shelving location Date acquired Source of acquisition Total Checkouts Full call number Date last seen Copy number Koha item type
  Dewey Decimal Classification   Not For Loan Non-fiction Institute of Biological Sciences (IBSc) Library Institute of Biological Sciences (IBSc) Library   30/09/2014 British Councial   589.908734 PLA 1988 30/09/2014 C-1 Books